Spotrebiteľské zmluvy a právna ochrana spotrebiteľa diplomová práca

Saved in:
Bibliographic Details
Main Author: Fürster, Maroš
Corporate Author: Obchodná fakulta EU. Katedra obchodného práva
Other Authors: Vačoková, Lenka, 1983-
Format: Book
Language:Slovak
Published: Bratislava 2019
Tags: Add Tag
No Tags, Be the first to tag this record!

MARC

LEADER 00000nbm a2200000 4500
001 0254091
005 20191108122018.0
041 0 |a slo 
044 |a SK 
245 1 0 |a Spotrebiteľské zmluvy a právna ochrana spotrebiteľa  |b diplomová práca  |c Maroš Fürster ; školiteľ: Lenka Vačoková 
264 1 |a Bratislava  |c 2019 
300 |a 64 s. 
100 1 |a Fürster, Maroš 
700 1 |a Vačoková, Lenka, 1983- 
710 2 |a Obchodná fakulta EU. Katedra obchodného práva